Responses for Show #6716 - Monday, November 25, 2013

Rani Peffer game 5.

Contestants

[<< previous game]

James Kosmatka, a theater manager from Cleveland Heights, Ohio

Johnna Mahoney, a medical student from Lancaster, Pennsylvania

Rani Peffer, a corporate finance manager from Crittenden, Kentucky (whose 4-day cash winnings total $56,712)

[next game >>]

Jeopardy! Round responses

4-LETTER EDIBLES
BLAME IT ON THE RAIN
PIGGYBACKING
ALL YOU NEED IS "OVE"
(Alex: "O-V-E" comin' up in each correct response.)
TV PHYSICIAN
HEAL THYSELF
    $200 13
dill

Rani
    $200 8
flash floods

James
    $200 14
(Rani: What is Cape Canaveral?)
...
(Alex: Shuttles did not leave from "Cape Canaveral".)

the Kennedy Space Center

Rani
Triple Stumper
    $200 1
a dove

James
    $200 16
(Johnna: What is Holmes?)

Watson

JohnnaJames
    $200 6
(James: What is 3M?)

Johnson & Johnson

JohnnaJames
    $400 15
rice

Johnna
    $400 9
the Seine

James
    $400 19
Boys Town

Rani
    $400 2
(Johnna: What is glove?)
(Alex: Be more specific.)

batting glove

Johnna
    $400 17
Denzel Washington

Triple Stumper
    $400 7
aspirin

Rani
    $600 25
flan

Johnna
    $600 10
Colorado

James
    $600 20
forklifts

Rani
    $600 3
covet

Johnna
    $600 18
Sons of Anarchy

Rani
    $600 24
an antihistamine

Rani
    $800 26
(Johnna: What is a "JY-ro", "HEE-ro", G-Y-R-O?)
(Alex: Yes.)
[Laughter]
(Alex: There are three accepted pronunciations--a "JY-ro," a "JEE-ro",
or a "YEE-ro".)
[Laughter]
(Alex: You can use any one, but you were right.)

a gyro

Johnna
    $800 11
the Tiber

Rani
    $1,000 21
(Rani: Who is Saint Joseph?)

Saint Christopher

Rani
    $800 4
hover

Johnna
    $800 23
(Alex: Good, with less than a minute now.)

a clown

Rani
    $1000 27
(James: What is okra?)
[The end-of-round signal sounds.]

kale

James
Triple Stumper
    $1000 12
Pittsburgh

James
    $1000 22
an IV line

Johnna
    $1000 5
cover

James

Scores at the first commercial break (after clue 15):

Rani Johnna James
$1,200 $2,400 $3,200

Scores at the end of the Jeopardy! Round:

Rani Johnna James
$3,200 $4,600 $2,400

Double Jeopardy! Round responses

ALL SYSTEMS GO
HUSBANDS & WIVES
"me"TUNES
NEWSPAPERS
POTENT POE‑TABLES
I C U R A 1-LETTER RESPONSE
    $400 19
Ronald Reagan

Rani
    $400 14
"Wake Me Up Before You Go-Go"

Johnna
    $400 9
silver

James
    $400 5
L

Rani
    $3,000 28
[The end-of-round signal sounds.]

the feudal system

Rani
    $800 20
Winnie Mandela

Rani
    $800 15
"Call Me"

Rani
    $800 27
(Roger) Ebert

Rani
    $800 10
"The Raven"

James
    $800 6
X

James
    $1200 21
Napoleon

Rani
    $1200 3
(Alex: James, are you thinking about changing category, perhaps?)

Albert Einstein

Triple Stumper
    $1200 16
"Call Me Maybe"

James
    $1200 26
(Rani: What is Columbus?)

Akron

RaniJames
    $1200 11
Annabel Lee

James
    $1200 7
P

Triple Stumper
    $1600 22
the Manchu Dynasty

Triple Stumper
    $1600 2
Percy Shelley

Triple Stumper
    $1600 17
"Don't Stand So Close To Me"

Johnna
    $3,000 25
(James: What is The Star?)
...
(Alex: Less than a minute to go, now.)

The Denver Post

James
    $1600 12
(James: What are The Murders of Rue Morgue?)

(The) Murders in the Rue Morgue

RaniJames
    $1600 8
F

Rani
    $2000 23
the Imperial System

James
    $2000 1
Martha Gellhorn

Triple Stumper
    $2000 18
"Just Give Me A Reason"

Rani
    $2000 24
Gannett

Triple Stumper
    $2000 13
cotton

Triple Stumper
    $2000 4
W

Johnna

Scores at the end of the Double Jeopardy! Round:

Rani Johnna James
$14,600 $8,600 $5,400

[wagering suggestions for these scores]

Final Jeopardy! Round responses

NOBEL LAUREATES
(Alex: [To Rani] The winner of the Nobel Peace Prize in 1991 was Aung San Suu Kyi from [*].)
JamesWhat is South Africa?
$5,400
JohnnaWhat is South Africa?
$7,000
RaniWhat is China?
$2,611
Myanmar

Final scores:

Rani Johnna James
$11,989 $1,600 $0
5-day champion: $68,701 2nd place: $2,000 3rd place: $1,000

Game dynamics:

Coryat scores:

Rani Johnna James
$13,400 $8,600 $8,400
18 R
(including 1 DD),
3 W
(including 1 DD)
11 R,
1 W
14 R,
4 W
(including 1 DD)

Combined Coryat: $30,400

[game clues] [game scores] [suggest correction]

Game tape date: 2013-09-24
The J! Archive is created by fans, for fans. Scraping, republication, monetization, and malicious use prohibited; this site may use cookies and collect identifying information. See terms. The Jeopardy! game show and all elements thereof, including but not limited to copyright and trademark thereto, are the property of Jeopardy Productions, Inc. and are protected under law. This website is not affiliated with, sponsored by, or operated by Jeopardy Productions, Inc. Join the discussion at JBoard.tv.